English. Ч. 1 (Запись № 11024166)

Подробности
000 -МАРКЕР
контрольное поле 01157nam2a2200229 4500
001 - ИДЕНТИФИКАТОР ЗАПИСИ
контрольное поле RU\NLR\BIBL_A\011311509
005 - ИДЕНТИФИКАТОР ВЕРСИИ
контрольное поле 20250626041942.0
010 ## - МЕЖДУНАРОДНЫЙ СТАНДАРТНЫЙ НОМЕР КНИГИ (ISBN)
Номер (ISBN) 978-5-699-81743-6
021 ## - НОМЕР ГОСУДАРСТВЕННОЙ РЕГИСТРАЦИИ
Код страны Российская Федерация
Номер 2016-97207
Номер Листа государственной регистраци 6447
035 ## - ДРУГИЕ СИСТЕМНЫЕ НОМЕРА
Идентификатор записи (NLR Aleph) 011311509
100 ## - ДАННЫЕ ОБЩЕЙ ОБРАБОТКИ
Данные общей обработки 20170118d2016 |||y0rusy50 ca
101 0# - ЯЗЫК РЕСУРСА
Язык текста, звукозаписи и т.д. русский
-- английский
102 ## - СТРАНА ПУБЛИКАЦИИ ИЛИ ПРОИЗВОДСТВА
Страна публикации Российская Федерация
105 ## - ПОЛЕ КОДИРОВАННЫХ ДАННЫХ: ТЕКСТОВЫЕ МАТЕРИАЛЫ, МОНОГРАФИЧЕСКИЕ
Кодированные данные о монографическом текстовом документе ac||j|||000zy
200 0# - ЗАГЛАВИЕ И СВЕДЕНИЯ ОБ ОТВЕТСТВЕННОСТИ
Основное заглавие Ч. 1
215 ## - ФИЗИЧЕСКАЯ ХАРАКТЕРИСТИКА
Специфическое обозначение материала и объем 141, [1] с.
Другие сведения о физической характеристике цв. ил., портр.
Сопроводительный материал [1] электрон. опт. диск (CD-ROM)
461 #0 - УРОВЕНЬ НАБОРА
Встроенное поле 001RU\NLR\BIBL_A\011338979
-- 2001#$aEnglish$e2 класс$eучебник$eв двух частях$fИ.Н. Верещагина, Н.В. Уварова$vЧ. 1
-- 700#1$aВерещагина$bИ. Н.$cканд. пед. наук$f1926-2011$gИрина Николаевна$3RU\NLR\AUTH\776375
Системный номер (АБИС) связанной записи 11181546
Автор Верещагина, И. Н. (канд. пед. наук ; 1926-2011)
Место публикации Москва
Дата публикации 2016
Первые сведения об ответственности И.Н. Верещагина, Н.В. Уварова
Имя издателя, распространителя и т.д. Эксмо
Сведения, относящиеся к заглавию 2 класс : учебник : в двух частях
Заглавие English
Номер тома Ч. 1
942 ## - ДОПОЛНИТЕЛЬНЫЕ ЭЛЕМЕНТЫ ЗАПИСИ (АБИС)
Тип экземпляра АБИС Книга
980 ## - КОЛЛЕКЦИЯ
Название коллекции Национальная библиография
Экземпляры
Тип экземпляра Дата поступления Источник поступления Библиотека постоянного хранения Библиотека текущего хранения Место хранения Шифр хранения Штрих-код Статус экземпляра
Книга 18.01.2017 Обязательный экземпляр РНБ (Московский) РНБ (Московский) Русский книжный фонд: издания с 1957 года 2017-7/214 1-1670883  
Книга 18.01.2017 Обязательный экземпляр РНБ (Московский) РНБ (Московский) Обменный фонд   1-1670884